LEADER 01668nam 2200421 n 450 001 996389526003316 005 20221108085042.0 035 $a(CKB)1000000000643547 035 $a(EEBO)2240899142 035 $a(UnM)99856648 035 $a(EXLCZ)991000000000643547 100 $a19921021d1484 uy | 101 0 $aeng 135 $aurbn||||a|bb| 200 10$a[Here begynneth the booke which the knyght of the toure made$b[electronic resource] $eand speketh of many fayre ensamples and thensygnementys and techyng of his doughters] 210 $a[[Westminster $cWilliam Caxton]$dthe yere of oure lord M CCCC lxxxiij and enprynted at Westmynstre the last day of Ianyuer the fyrst yere of the regne of kynge Rychard the thyrd. [1484]] 215 $a[208] p 300 $aTitle from heading, a1r--cf. STC. 300 $aA translation by William Caxton of the French original by Geoffroy La Tour Landry. 300 $aImprint from colophon. 300 $aSignatures: pi⁴ a-m n⁴. 300 $aReproduction of the original in the British Library. 330 $aeebo-0018 606 $aWomen$xEducation, Medieval$vEarly works to 1800 606 $aConduct of life$vEarly works to 1800 615 0$aWomen$xEducation, Medieval 615 0$aConduct of life 700 $aLa Tour Landry$b Geoffroy de$f14th cent.$0962207 701 $aCaxton$b William$fca. 1422-1491.$0196637 801 0$bCu-RivES 801 1$bCu-RivES 801 2$bUk-ES 801 2$bCStRLIN 801 2$bWaOLN 906 $aBOOK 912 $a996389526003316 996 $aHere begynneth the booke which the knyght of the toure made$92329027 997 $aUNISA LEADER 01814nam 2200385 n 450 001 996387062303316 005 20221108092518.0 035 $a(CKB)1000000000629010 035 $a(EEBO)2240924249 035 $a(UnM)99867466 035 $a(EXLCZ)991000000000629010 100 $a19940516d1655 uy | 101 0 $aeng 135 $aurbn||||a|bb| 200 10$aFourteen queries and ten absurdities about the extent of Christ's death, the power of the creatures, the justice of God in condemning some, and saving others$b[electronic resource] /$fpresented by a free-willer to the Church of Christ at Newcastle, and answered by Paul Hobson a member of the said Church. In which answer is discovered, the extent of Christs death, the nature and truth of election, the condition of the creature both before and after conversion, &c. Published in tenderness of love for the good of all, especially for the Churches of Christ 210 $aLondon, $cPrinted by Henry Hills for William Hutchison book-seller in Durham.$d1655 215 $a[16], 111, [1] p 300 $aAnnotation on Thomason copy: "may. 18". 300 $aReproduction of the original in the British Library. 330 $aeebo-0018 606 $aGod$xMercy$vEarly works to 1800 606 $aGod$xWrath$vEarly works to 1800 606 $aJudgment of God$vEarly works to 1800 615 0$aGod$xMercy 615 0$aGod$xWrath 615 0$aJudgment of God 700 $aHobson$b Paul$0141223 801 0$bCu-RivES 801 1$bCu-RivES 801 2$bCStRLIN 801 2$bWaOLN 906 $aBOOK 912 $a996387062303316 996 $aFourteen queries and ten absurdities about the extent of Christ's death, the power of the creatures, the justice of God in condemning some, and saving others$92340680 997 $aUNISA LEADER 02177nam 22005893 450 001 9910735088703321 005 20241107095134.0 010 $a1-000-97042-6 010 $a1-00-326312-7 010 $a1-000-97045-0 010 $a1-003-26312-7 035 $a(CKB)27646788300041 035 $a(MiAaPQ)EBC7269824 035 $a(Au-PeEL)EBL7269824 035 $a(ODN)ODN0009987859 035 $a(OCoLC)1395191140 035 $a(ScCtBLL)db1c2ba7-8573-44cb-af70-5c0df47b37ae 035 $a(EXLCZ)9927646788300041 100 $a20230825d2023 uy 0 101 0 $aeng 135 $aurcnu|||||||| 181 $ctxt$2rdacontent 182 $cc$2rdamedia 183 $acr$2rdacarrier 200 10$aAdvertising As a Creative Industry $eRegime of Paradoxes 205 $a1st ed. 210 $d2023 210 1$aMilton :$cTaylor & Francis Group,$d2023. 210 4$d2024. 215 $a1 online resource (0 pages) 225 1 $aRoutledge Research in the Creative and Cultural Industries Series 311 08$a1-03-220304-8 311 08$a1-03-220301-3 327 $aIntroduction. Between cultural and industrial. -- Advertising x Creativity -- Advertising x Innovation -- Advertising x Entertainment -- Advertising x Other Creative Sectors -- Advertising: Regime of paradoxes. 330 $aAt the crossroads of culture and commerce, the advertising industry is a regime of paradoxes. This book examines the place of advertising in today's creative industries, exploring the major challenges advertisers confront as they engage with other creative sectors. 410 0$aRoutledge Research in the Creative and Cultural Industries Series 606 $aAdvertising 606 $aCreative ability in business 606 $aCultural industries 615 0$aAdvertising. 615 0$aCreative ability in business. 615 0$aCultural industries. 676 $a659.1/042 686 $aBUS002000$2bisacsh 700 $aDerda$b Izabela$01439523 801 0$bMiAaPQ 801 1$bMiAaPQ 801 2$bMiAaPQ 906 $aBOOK 912 $a9910735088703321 996 $aAdvertising As a Creative Industry$93601750 997 $aUNINA